| 000 -LEADER |
| fixed length control field |
01211pab a2200181 454500 |
| 008 - FIXED-LENGTH DATA ELEMENTS--GENERAL INFORMATION |
| fixed length control field |
180718b2017 xxu||||| |||| 00| 0 eng d |
| 100 ## - MAIN ENTRY--PERSONAL NAME |
| Personal name |
Brenya, Edward et al |
| 245 ## - TITLE STATEMENT |
| Title |
Public service motivation in Ghanaian civil service: a case study of Ejisu-Juabeng municipality |
| 260 ## - PUBLICATION, DISTRIBUTION, ETC. |
| Date of publication, distribution, etc. |
2017 |
| 300 ## - PHYSICAL DESCRIPTION |
| Extent |
p.164-175. |
| 362 ## - DATES OF PUBLICATION AND/OR SEQUENTIAL DESIGNATION |
| Dates of publication and/or sequential designation |
15 Jan |
| 520 ## - SUMMARY, ETC. |
| Summary, etc. |
Civil servants are perceived to possess altruistic motive known as Civil Service Motivation (PSM) which promotes public interest as confirmed in some developed countries. Using the Ejisu-Juabeng Municipality as a case study, this article assesses the existence of PSM in the Ghanaian public sector and finds that PSM exists in the public service but its existence does not ensure maximum output. The workers professed having motives such as sense of social justice, compassion, commitment to public interest, self-sacrifice, and sense of civic duty but indicated their unwillingness to commit their future to the public sector because of poor working conditions. - Reproduced. |
| 650 ## - SUBJECT ADDED ENTRY--TOPICAL TERM |
| Topical term or geographic name entry element |
Motivation - Ghana |
| 650 ## - SUBJECT ADDED ENTRY--TOPICAL TERM |
| Topical term or geographic name entry element |
Civil service - Ghana |
| 650 ## - SUBJECT ADDED ENTRY--TOPICAL TERM |
| Topical term or geographic name entry element |
Civil service |
| 773 ## - HOST ITEM ENTRY |
| Main entry heading |
International Journal of Public Administration |
| 909 ## - |
| -- |
115311 |